LIBRARY & INFORMATION CENTRE, KCAET, TAVANUR

ONLINE PUBLIC ACCESS CATALOGUE (OPAC)

Physical chemistry / (Record no. 10317)

MARC details
000 -LEADER
fixed length control field 00422cam a2200181ua 4500
041 ## - LANGUAGE CODE
Language code of text/sound track or separate title eng
082 ## - DEWEY DECIMAL CLASSIFICATION NUMBER
Classification number 541.3
Item number KHO/PH
100 ## - MAIN ENTRY--AUTHOR NAME
Personal name Khosla, B D .
245 ## - TITLE STATEMENT
Title Physical chemistry /
250 ## - EDITION STATEMENT
Edition statement 6 /
260 ## - PUBLICATION, DISTRIBUTION, ETC. (IMPRINT)
Place of publication :
Name of publisher Ramchand and company ,
Year of publication 1972.
300 ## - PHYSICAL DESCRIPTION
Number of Pages 615 ; .
942 ## - ADDED ENTRY ELEMENTS (KOHA)
Koha item type Books
Holdings
Withdrawn status Lost status Damaged status Home library Current library Date acquired Full call number Accession Number Koha item type
      KAUAET KAUAET 07/04/2012 541.3 KHO/PH 13352 Books
free website counter